Statistics for Countries with embassies and consulates in Uruguay

Click here to take the quiz!

General Stats

  • This quiz has been taken 74 times
  • The average score is 35 of 42

Answer Stats

ContinentCountry% Correct
South AmericaArgentina
100%
South AmericaChile
100%
South AmericaBolivia
98%
South AmericaBrazil
98%
South AmericaColombia
98%
South AmericaEcuador
98%
South AmericaVenezuela
98%
North AmericaCanada
97%
AsiaChina
97%
North AmericaCuba
97%
North AmericaPanama
97%
South AmericaParaguay
97%
South AmericaPeru
97%
EuropeUnited Kingdom
97%
North AmericaUnited States of America
97%
AsiaJapan
95%
North AmericaNicaragua
95%
Asia/ EuropeRussia
95%
EuropeFrance
94%
EuropeSpain
94%
North AmericaEl Salvador
92%
North AmericaMexico
92%
EuropeGermany
91%
North AmericaCosta Rica
89%
North AmericaGuatemala
89%
EuropeItaly
89%
EuropePortugal
89%
North AmericaDominican Republic
86%
AfricaEgypt
86%
AfricaSouth Africa
84%
AsiaSouth Korea
83%
EuropeGreece
77%
AsiaIsrael
75%
EuropeSwitzerland
69%
AsiaIran
67%
EuropeRomania
59%
EuropeVatican City
53%
AsiaLebanon
45%
AsiaQatar
44%
AsiaAzerbaijan
39%
AsiaPalestine
14%
AfricaWestern Sahara
8%

Score Distribution

Percentile by Number Answered

Percent of People with Each Score

Your Score History

You have not taken this quiz